Handbook of new institutional economics
Na minha lista:
| Outros Autores: | , |
|---|---|
| Formato: | Livro |
| Idioma: | inglês |
| Publicado em: |
Berlin
Springer
2008
|
| Assuntos: | |
| Tags: |
Sem tags, seja o primeiro a adicionar uma tag!
|
MARC
| LEADER | 00000nam a2200000 4500 | ||
|---|---|---|---|
| 001 | 0118811 | ||
| 005 | 20240313132946.7 | ||
| 020 | |a 978-3-540-77660-4 | ||
| 041 | 0 | |a eng | |
| 044 | |a DE | ||
| 245 | 1 | 0 | |a Handbook of new institutional economics |c edited by: Claude Ménard and Mary M. Shirley |
| 264 | 1 | |a Berlin |b Springer |c 2008 | |
| 300 | |a 884 s. | ||
| 610 | 2 | 0 | |a ekonómia |
| 610 | 2 | 0 | |a politika |
| 610 | 2 | 0 | |a inštitúcia |
| 610 | 2 | 0 | |a štát |
| 610 | 2 | 0 | |a vláda |
| 610 | 2 | 0 | |a legislatíva |
| 610 | 2 | 0 | |a hospodárstvo trhové |
| 610 | 2 | 0 | |a firmy |
| 610 | 2 | 0 | |a riadenie podnikové |
| 610 | 2 | 0 | |a dohody |
| 610 | 2 | 0 | |a regulácia |
| 610 | 2 | 0 | |a krajiny tranzitívne |
| 610 | 2 | 0 | |a kapitál sociálny |
| 610 | 2 | 0 | |a sociológia |
| 610 | 2 | 0 | |a analýzy |
| 700 | 1 | |a Ménard, Claude | |
| 700 | 1 | |a Shirley, Mary M. | |